| 000 | 00715nam a22001337a 4500 | ||
|---|---|---|---|
| 040 | _cRUA | ||
| 082 | _aVEM CHH 2015 B534 Or.1 | ||
| 100 | _aCHHOM MITHONA; ឆោម មិថុនា | ||
| 245 | _aStudy on situation of cattle raising and service of village animal health worker in phnom srouch ditrict, kompong speu province, សិក្សាលើស្ថានភាពចិញ្ចឹមគោ និងសេវាកម្មភ្នាក់ងារ សុខភាពសត្វភូមិនៅស្រុកភ្នំស្រួច ខេត្តកំពង់ស្ពឺ | ||
| 260 |
_aPhnom Penh _bCHH _c2015 |
||
| 300 |
_aix,45p. _bill. _c29cm. |
||
| 856 | _uCHHOM MITHONA | ||
| 942 | _cVEM | ||
| 999 |
_c10870 _d10870 |
||